| 000 | 01508 a2200241 4500 | ||
|---|---|---|---|
| 001 | 24472 | ||
| 005 | 20260407155529.0 | ||
| 008 | 260407a2006 arg spa d | ||
| 003 | AR-UNSa-BCEJYS | ||
| 040 |
_aAR-UNSa-BCEJYS _bspa _cAR-UNSa-BCEJYS |
||
| 080 |
_a336.14 _xPresupuesto público. Presupuesto nacional |
||
| 245 | 1 | 0 |
_aCada cual, ¿atiende su juego? _pel rol del Congreso en el presupuesto nacional de la Argentina |
| 020 | _a987-20142-3-X | ||
| 264 | 1 |
_aBuenos Aires : _bCIPPEC _c2006 |
|
| 300 |
_a303 p. _c24 cm. |
||
| 505 | _a1. El dia que me quieras: parlamentos y presupuestos en América Latina - 2. Instituciones presupuestarias, resultados fiscales y el rol del Congreso en el proceso presupuestario - 3. El papel del poder legislativo en el proceso presupuestario argentino(1984-2004) - 4. El Congreso y el Presupuesto Nacional en la Argentina: desempeño y condiciones de su rol en el proceso presupuestario - 5. ¿Quien decide sobre el gasto público?, un análisis sobre la economía política del proceso presupuestario: el caso de la Argentina - 6. Oficina del presupuesto del Congreso de la Nación Argentina.una propuesta para fortalecer su rol en el proceso presupuestario. | ||
| 942 | _cBK | ||
| 590 | _aniveau_biblio:m niveau_hierar:0 | ||
| 100 | 1 | _aBraun, Miguel | |
| 700 | 1 | _aDíaz Frers, Luciana | |
| 700 | 1 | _aUña, Gerardo | |
| 856 | 4 | 1 |
_uhttps://biblioeco.unsa.edu.ar/pmb/images/libros/Cada cual, ?atiende su juego Braun, Miguel (2006).jpg _yImagen de portada _qimage/jpeg |
| 999 |
_c1189 _d1189 |
||